Účtovné súvzťažnosti výkladový lexikón metodiky účtovania pre rozpočtové a príspevkové organizácie, obce a VÚC

Salvato in:
Dettagli Bibliografici
Autore principale: Kršeková, Marianna
Altri autori: Mináriková, Anna, Wittgruberová, Adriana
Natura: Libro
Lingua:slovacco
Pubblicazione: Bratislava Praxis-Media 2010
Soggetti:
Tags: Aggiungi Tag
Nessun Tag, puoi essere il primo ad aggiungerne!!

MARC

LEADER 00000nam$a2200000$$$4500
001 0128466
005 20240502072453.5
022 |a 1337-6934 
041 0 |a slo 
044 |a SK 
245 1 0 |a Účtovné súvzťažnosti  |b výkladový lexikón metodiky účtovania pre rozpočtové a príspevkové organizácie, obce a VÚC  |c Marianna Kršeková, Anna Mináriková, Adriana Wittgruberová 
264 1 |a Bratislava  |b Praxis-Media  |c 2010 
300 |a [50 s., 1,8 AH] 
610 2 0 |a účtovníctvo 
610 2 0 |a organizácie príspevkové 
610 2 0 |a organizácie rozpočtové 
610 2 0 |a obce 
610 2 0 |a metodika 
100 1 |a Kršeková, Marianna 
700 1 |a Mináriková, Anna 
700 1 |a Wittgruberová, Adriana